000 01200nam a2200325 i 4500
001 768714001
003 CO-MdFUSB
005 20210204085727.0
007 ta
008 200601t2003 ck |||| |||| 00| 0 spa d
020 _a9584207849
040 _aCO-MdFUSB
_bspa
_cCO-MdFUSB
_dCO-MdFUSBC
_erda
041 _aspa
082 _223
_a923.40861
_bS161
100 _aSalazar Jaramillo, Alonso,
_eautor
245 _aProfeta en el desierto :
_bvida y muerte de Luis Carlos Galán
_c/ Alonso Salazar J.
264 1 _aColombia :
_bPlaneta,
_c[2003]
264 4 _c© 2003
300 _a186 páginas
_c; 21 cm
336 _2rdacontent
_asonidos
_btxt
337 _2rdamedia
_asin mediación
_bn
338 _2rdacarrier
_avolumen
_bnc
520 _aEsta crónica recoge los hitos de la vida de Luis Carlos Galán, líder incorruptible que enfrentó al narcotráfico y se caracterizó por sus ideas de avanzada sobre la educación y por su afán de renovar los partidos políticos y las instituciones colombianas.
563 _aRústico
650 7 _9409
_aBiografía
650 7 _92644
_aViolencia política
_2embne
653 _aGalán, Luis Carlos. -- Biografías
942 _cBK
945 _aJTF-925
999 _c65937
_d65937